[Event "Penang op 11th"]
[Site "Penang"]
[Date "2019.12.13"]
[Round "7"]
[White "Chan, Marcus"]
[Black "Zhou, Yibo"]
[Result "1-0"]
[WhiteElo "2166"]
[BlackElo "1894"]
[PlyCount "157"]
[EventDate "2019.12.09"]
[EventType "swiss"]
[EventRounds "9"]
[EventCountry "MAS"]
[SourceTitle "CBM 193 Extra"]
[Source "ChessBase"]
[SourceDate "2020.01.31"]
[SourceVersion "1"]
[SourceVersionDate "2020.01.31"]
[SourceQuality "1"]

1. d4 Nf6 2. c4 e6 3. Nf3 b6 4. g3 Bb7 5. Bg2 Be7 6. 0-0 0-0 7. Re1 c5 8. d5 exd5 9. Nh4 d6 10. cxd5 Ng4 11. Nf5 Bc8 12. Nxe7+ Qxe7 13. h3 Nf6 14. Nc3 Nbd7 15. e4 Rb8 16. f4 b5 17. a4 b4 18. Nb5 a6 19. Na7 Bb7 20. Nc6 Bxc6 21. dxc6 Nb6 22. e5 dxe5 23. Rxe5 Qc7 24. Rxc5 Rfd8 25. Qb3 Nc8 26. Be3 Ne7 27. Kh2 Rb6 28. Rac1 h5 29. a5 Rbb8 30. R5c4 Ned5 31. Bd4 Rb5 32. Bxf6 Nxf6 33. Rxb4 Qxa5 34. Rxb5 axb5 35. Qc3 Qc7 36. Qe5 Qxe5 37. fxe5 Ne8 38. Ra1 Kf8 39. Ra5 Nc7 40. Ra7 Ne6 41. Rb7 Rc8 42. Rxb5 Ke7 43. Rb7+ Rc7 44. b4 Kd8 45. Rb8+ Rc8 46. Rxc8+ Kxc8 47. b5 Kc7 48. Bd5 Nd4 49. Bc4 Nf3+ 50. Kg2 Nxe5 51. Be2 h4 52. g4 g6 53. Kf2 f5 54. Ke3 fxg4 55. hxg4 Kd6 56. Kf4 Nf7 57. Bf1 Kc5 58. g5 Kb6 59. Bh3 Nd6 60. Bf1 h3 61. Bxh3 Nxb5 62. Bd7 Nd4 63. Ke5 Nf3+ 64. Kf6 Nh4 65. Be8 Kc7 66. Kg7 Kd6 67. Kh6 Nf5+ 68. Kxg6 Nd4 69. Kh7 Ne6 70. g6 Ke7 71. Bd7 Ng5+ 72. Kh6 Ne4 73. g7 Nf6 74. Kg6 Ng8 75. Bg4 Kd6 76. Bf3 Ke7 77. Bd5 Nf6 78. g8Q Nxg8 79. Bxg8 1-0

[Event "Penang op 11th"]
[Site "Penang"]
[Date "2019.12.12"]
[Round "6"]
[White "Zhou, Yibo"]
[Black "Geng, Tiankai"]
[Result "1-0"]
[WhiteElo "1894"]
[BlackElo "1543"]
[PlyCount "57"]
[EventDate "2019.12.09"]
[EventType "swiss"]
[EventRounds "9"]
[EventCountry "MAS"]
[SourceTitle "CBM 193 Extra"]
[Source "ChessBase"]
[SourceDate "2020.01.31"]
[SourceVersion "1"]
[SourceVersionDate "2020.01.31"]
[SourceQuality "1"]

1. d4 Nf6 2. c4 g6 3. Nc3 d5 4. cxd5 Nxd5 5. g3 Bg7 6. Bg2 Nxc3 7. bxc3 0-0 8. Nf3 c5 9. 0-0 Nc6 10. Be3 Bg4 11. dxc5 Bxc3 12. Rb1 Qxd1 13. Rfxd1 Bc8 14. Nd4 Bxd4 15. Bxd4 Nxd4 16. Rxd4 Be6 17. Rxb7 Rad8 18. Rxd8 Rxd8 19. f4 a5 20. c6 Rc8 21. a3 a4 22. Rxe7 Kg7 23. Ra7 Bc4 24. Rxa4 Bxe2 25. Rb4 Ra8 26. a4 Bd1 27. c7 Rc8 28. Rc4 Bxa4 29. Bb7 1-0

[Event "CHN-chB"]
[Site "Hangzhou"]
[Date "2019.07.06"]
[Round "9"]
[White "Lin, Weiguo"]
[Black "Zhou, Yibo"]
[Result "1-0"]
[WhiteElo "2408"]
[BlackElo "1922"]
[PlyCount "71"]
[EventDate "2019.07.02"]
[EventType "swiss"]
[EventRounds "11"]
[EventCountry "CHN"]
[SourceTitle "CBM 191 Extra"]
[Source "ChessBase"]
[SourceDate "2019.09.30"]
[SourceVersion "1"]
[SourceVersionDate "2019.09.30"]
[SourceQuality "1"]

1. d4 Nf6 2. c4 e6 3. Nc3 d5 4. Bg5 Be7 5. cxd5 exd5 6. e3 c6 7. Bd3 Nbd7 8. Qc2 h6 9. Bh4 Nh5 10. Bxe7 Qxe7 11. Nge2 Nhf6 12. 0-0 0-0 13. Rab1 a6 14. b4 Re8 15. a4 Ne4 16. Bxe4 dxe4 17. d5 Nf6 18. Rfd1 Bg4 19. dxc6 bxc6 20. h3 Bxe2 21. Qxe2 c5 22. b5 axb5 23. Rxb5 Rec8 24. Qc4 Ra7 25. Rb6 Rd7 26. Rbb1 Rxd1+ 27. Rxd1 Rb8 28. Nb5 Ra8 29. Nc3 Rb8 30. a5 Qa7 31. a6 Rb4 32. Qa2 Rb6 33. Ra1 Qa8 34. a7 Rb7 35. Qa6 Rd7 36. Qb6 1-0

[Event "CHN-chT"]
[Site "Daqing"]
[Date "2019.06.27"]
[Round "9.6"]
[White "Xu, Minghui"]
[Black "Zhou, Yibo"]
[Result "1-0"]
[WhiteElo "2368"]
[BlackElo "1934"]
[PlyCount "51"]
[EventDate "2019.06.19"]
[EventType "team-swiss"]
[EventRounds "9"]
[EventCountry "CHN"]
[SourceTitle "CBM 191 Extra"]
[Source "ChessBase"]
[SourceDate "2019.09.30"]
[SourceVersion "1"]
[SourceVersionDate "2019.09.30"]
[SourceQuality "1"]
[WhiteTeam "Zhejiang"]
[BlackTeam "Shanxi"]
[WhiteTeamCountry "CHN"]
[BlackTeamCountry "CHN"]

1. c4 Nf6 2. Nc3 d5 3. cxd5 Nxd5 4. g3 g6 5. Bg2 Nxc3 6. bxc3 Bg7 7. h4 h5 8. Rb1 c6 9. Nf3 Nd7 10. 0-0 0-0 11. d4 Nb6 12. Ng5 e5 13. Qb3 Qc7 14. Ba3 Rd8 15. dxe5 c5 16. e6 Bxe6 17. Nxe6 fxe6 18. Qxe6+ Qf7 19. Qxf7+ Kxf7 20. Bxc5 Bxc3 21. Rfc1 Bd4 22. Bxd4 Rxd4 23. Rc7+ Kf6 24. Rxb7 Ra4 25. R7xb6+ axb6 26. Rxb6+ 1-0

[Event "CHN-chT"]
[Site "Daqing"]
[Date "2019.06.24"]
[Round "6.8"]
[White "Zhou, Yibo"]
[Black "Wan, Minghan"]
[Result "1-0"]
[WhiteElo "1934"]
[BlackElo "1592"]
[PlyCount "87"]
[EventDate "2019.06.19"]
[EventType "team-swiss"]
[EventRounds "9"]
[EventCountry "CHN"]
[SourceTitle "CBM 191 Extra"]
[Source "ChessBase"]
[SourceDate "2019.09.30"]
[SourceVersion "1"]
[SourceVersionDate "2019.09.30"]
[SourceQuality "1"]
[WhiteTeam "Shanxi"]
[BlackTeam "Ningbo"]
[WhiteTeamCountry "CHN"]
[BlackTeamCountry "CHN"]

1. d4 Nf6 2. g3 g6 3. Nf3 Bg7 4. Bg2 d6 5. c4 0-0 6. 0-0 Nbd7 7. Nc3 e5 8. Qc2 Re8 9. Rd1 c6 10. b3 Qc7 11. Ba3 Bf8 12. e3 a5 13. Rac1 Qb8 14. d5 c5 15. e4 Nb6 16. Rb1 Bd7 17. Bf1 Nc8 18. Bc1 Na7 19. Bg5 Bg7 20. a3 Qc7 21. Qd3 Rec8 22. Rdc1 Rab8 23. b4 axb4 24. axb4 cxb4 25. Rxb4 Ng4 26. Rcb1 Qc5 27. Qe2 Rf8 28. h3 f6 29. Bd2 Nh6 30. Rxb7 Rxb7 31. Rxb7 Bc8 32. Be3 Qa5 33. Rxa7 Qxc3 34. Qd2 Qxd2 35. Bxd2 f5 36. Ng5 f4 37. Bb4 Rd8 38. Rc7 fxg3 39. fxg3 Bf8 40. Nxh7 Nf7 41. Nxf8 Rxf8 42. c5 Ng5 43. cxd6 Nxh3+ 44. Kh2 1-0

[Event "CHN-chT"]
[Site "Daqing"]
[Date "2019.06.21"]
[Round "3.8"]
[White "Chen, Junyu"]
[Black "Zhou, Yibo"]
[Result "0-1"]
[WhiteElo "1232"]
[BlackElo "1934"]
[PlyCount "51"]
[EventDate "2019.06.19"]
[EventType "team-swiss"]
[EventRounds "9"]
[EventCountry "CHN"]
[SourceTitle "CBM 191 Extra"]
[Source "ChessBase"]
[SourceDate "2019.09.30"]
[SourceVersion "1"]
[SourceVersionDate "2019.09.30"]
[SourceQuality "1"]
[WhiteTeam "Harbin"]
[BlackTeam "Shanxi"]
[WhiteTeamCountry "CHN"]
[BlackTeamCountry "CHN"]

1. d4 Nf6 2. c4 e6 3. g3 d5 4. Bg2 Be7 5. Nf3 0-0 6. 0-0 dxc4 7. Qc2 a6 8. a4 c5 9. Rd1 Nc6 10. dxc5 Qa5 11. Qxc4 Qxc5 12. Na3 e5 13. Be3 Qa5 14. Bd2 Qb6 15. Bc3 Be6 16. Qd3 e4 17. Qd2 exf3 18. Bxf3 Rfd8 19. Qf4 Nd5 20. Nc4 Qb3 21. Bxd5 Rxd5 22. Nd2 Qb6 23. e4 Rd3 24. Nf3 Rxd1+ 25. Rxd1 Rd8 26. Ra1 0-1

[Event "CHN-chT"]
[Site "Hangzhou"]
[Date "2018.06.25"]
[Round "9.8"]
[White "Zhou, Yibo"]
[Black "Wang, Hao"]
[Result "0-1"]
[WhiteElo "1903"]
[BlackElo "2710"]
[PlyCount "66"]
[EventDate "2018.06.19"]
[EventType "team-swiss"]
[EventRounds "9"]
[EventCountry "CHN"]
[SourceTitle "CBM 185 Extra"]
[Source "ChessBase"]
[SourceDate "2018.07.29"]
[SourceVersion "1"]
[SourceVersionDate "2018.07.29"]
[SourceQuality "1"]
[WhiteTeam "Shanxi"]
[BlackTeam "Heilongjiang"]
[WhiteTeamCountry "CHN"]
[BlackTeamCountry "CHN"]

1. d4 Nf6 2. Nf3 d5 3. Bf4 c5 4. c3 e6 5. e3 Nc6 6. Nbd2 cxd4 7. cxd4 Nh5 8. Bg5 Qb6 9. Qb3 h6 10. Bh4 g5 11. Bg3 Nxg3 12. hxg3 Bg7 13. g4 Qc7 14. Rc1 Bd7 15. Qc3 0-0 16. Bd3 Rfc8 17. 0-0 Qd8 18. Qb3 Rc7 19. Bb1 h5 20. gxh5 g4 21. Nh2 Qg5 22. Qd1 f5 23. f4 Qxh5 24. Nb3 Rac8 25. Qe2 Nxd4 26. exd4 Rxc1 27. Rxc1 Rxc1+ 28. Nxc1 Bxd4+ 29. Kh1 Qh4 30. g3 Qxg3 31. Qf1 Bb5 32. Bd3 Bc6 33. Be2 Be3 0-1

[Event "CHN-chT"]
[Site "Hangzhou"]
[Date "2018.06.22"]
[Round "5.9"]
[White "Zhou, Yibo"]
[Black "Ma, Ling"]
[Result "1/2-1/2"]
[WhiteElo "1903"]
[BlackElo "2172"]
[PlyCount "30"]
[EventDate "2018.06.19"]
[EventType "team-swiss"]
[EventRounds "9"]
[EventCountry "CHN"]
[SourceTitle "CBM 185 Extra"]
[Source "ChessBase"]
[SourceDate "2018.07.29"]
[SourceVersion "1"]
[SourceVersionDate "2018.07.29"]
[SourceQuality "1"]
[WhiteTeam "Shanxi"]
[BlackTeam "Wuxi"]
[WhiteTeamCountry "CHN"]
[BlackTeamCountry "CHN"]

1. d4 Nf6 2. Nf3 g6 3. Bf4 Bg7 4. e3 0-0 5. Be2 c5 6. c3 d6 7. 0-0 b6 8. Nbd2 Bb7 9. h3 Nbd7 10. a4 a6 11. Qb3 Nh5 12. Bh2 Nhf6 13. Bf4 Nh5 14. Bh2 Nhf6 15. Bf4 Nh5 1/2-1/2

[Event "CHN-chT"]
[Site "Hangzhou"]
[Date "2018.06.20"]
[Round "2.8"]
[White "Zhou, Yibo"]
[Black "Lan, Zilun"]
[Result "1/2-1/2"]
[WhiteElo "1903"]
[BlackElo "2343"]
[PlyCount "86"]
[EventDate "2018.06.19"]
[EventType "team-swiss"]
[EventRounds "9"]
[EventCountry "CHN"]
[SourceTitle "CBM 185 Extra"]
[Source "ChessBase"]
[SourceDate "2018.07.29"]
[SourceVersion "1"]
[SourceVersionDate "2018.07.29"]
[SourceQuality "1"]
[WhiteTeam "Shanxi"]
[BlackTeam "Zhejiang"]
[WhiteTeamCountry "CHN"]
[BlackTeamCountry "CHN"]

1. d4 Nf6 2. c4 g6 3. Nc3 Bg7 4. e4 d6 5. Nf3 0-0 6. h3 e5 7. dxe5 dxe5 8. Qxd8 Rxd8 9. Bg5 Re8 10. Nd5 Nxd5 11. cxd5 c6 12. Bc4 b5 13. Bb3 Bb7 14. Rc1 Rc8 15. Be3 Na6 16. dxc6 Rxc6 17. Ke2 h6 18. Rcd1 Rc7 19. Rd6 Nc5 20. Rc1 Nxe4 21. Rxc7 Nxd6 22. Bc5 Bxf3+ 23. Kxf3 Nc4 24. Bxc4 bxc4 25. Bxa7 f5 26. b4 e4+ 27. Ke2 Be5 28. Rd7 c3 29. Kd1 f4 30. a4 e3 31. fxe3 fxe3 32. a5 Bf4 33. Kc2 Re8 34. Kxc3 Bg3 35. Bxe3 Rxe3+ 36. Kc4 Re4+ 37. Kb3 Be1 38. Rb7 Re6 39. Kc4 g5 40. Kb5 Re5+ 41. Kc4 Re6 42. Kb5 Re5+ 43. Kc4 Re6 1/2-1/2

[Event "Longtou Cup 1st"]
[Site "Qinhuangdao"]
[Date "2018.06.04"]
[Round "9.25"]
[White "Liu, Zhaoqi"]
[Black "Zhou, Yibo"]
[Result "1-0"]
[WhiteElo "2165"]
[BlackElo "1903"]
[PlyCount "65"]
[EventDate "2018.05.26"]
[EventType "swiss"]
[EventRounds "9"]
[EventCountry "CHN"]
[SourceTitle "CBM 184 Extra"]
[Source "ChessBase"]
[SourceDate "2018.06.28"]
[SourceVersion "1"]
[SourceVersionDate "2018.06.28"]
[SourceQuality "1"]

1. d4 Nf6 2. c4 e6 3. Nc3 Bb4 4. f3 d5 5. a3 Bxc3+ 6. bxc3 c5 7. cxd5 exd5 8. e3 0-0 9. Bd3 Nc6 10. Ne2 Re8 11. 0-0 b6 12. g4 a5 13. Ng3 c4 14. Bb1 b5 15. Qc2 g6 16. Qf2 Ra7 17. h3 Rb7 18. e4 b4 19. axb4 axb4 20. g5 Bxh3 21. Re1 Nd7 22. exd5 Rxe1+ 23. Qxe1 Ne7 24. Be4 Nb6 25. Kh2 Bc8 26. d6 Ned5 27. cxb4 Qxd6 28. Bxd5 Qxd5 29. Qe8+ Kg7 30. Bf4 f6 31. gxf6+ Kxf6 32. Ne4+ Kf5 33. Ra5 1-0

[Event "Longtou Cup 1st"]
[Site "Qinhuangdao"]
[Date "2018.05.30"]
[Round "5"]
[White "Zhang, Lanlin"]
[Black "Zhou, Yibo"]
[Result "1-0"]
[WhiteElo "2177"]
[BlackElo "1903"]
[PlyCount "85"]
[EventDate "2018.05.26"]
[EventType "swiss"]
[EventRounds "9"]
[EventCountry "CHN"]
[SourceTitle "CBM 184 Extra"]
[Source "ChessBase"]
[SourceDate "2018.06.28"]
[SourceVersion "1"]
[SourceVersionDate "2018.06.28"]
[SourceQuality "1"]

1. e4 c5 2. Nc3 Nc6 3. g3 g6 4. Bg2 Bg7 5. Nge2 e6 6. d3 Nge7 7. Be3 Nd4 8. 0-0 0-0 9. Qd2 Rb8 10. Bh6 b5 11. Nxd4 cxd4 12. Bxg7 Kxg7 13. Ne2 e5 14. f4 d6 15. f5 f6 16. g4 Bd7 17. Ng3 g5 18. Kf2 Be8 19. Rh1 Bf7 20. h4 h6 21. Rh2 Qc7 22. Rah1 Rh8 23. Bf3 Rbc8 24. Bd1 a5 25. Rh3 b4 26. R1h2 d5 27. Qe1 dxe4 28. Nxe4 Nd5 29. hxg5 hxg5 30. Qh1 Rxh3 31. Rxh3 Bg8 32. Rh6 Qe7 33. Rg6+ Kf8 34. Qh8 Qh7 35. Rxf6+ Nxf6 36. Qxf6+ Bf7 37. Qd6+ Kg7 38. Qxe5+ Kf8 39. Kg2 Qh4 40. Qxd4 Rc6 41. f6 Re6 42. Bf3 Qe1 43. Qc5+ 1-0

[Event "Longtou Cup 1st"]
[Site "Qinhuangdao"]
[Date "2018.05.28"]
[Round "3"]
[White "Paramzina, Anastasya"]
[Black "Zhou, Yibo"]
[Result "1-0"]
[WhiteElo "2255"]
[BlackElo "1903"]
[PlyCount "51"]
[EventDate "2018.05.26"]
[EventType "swiss"]
[EventRounds "9"]
[EventCountry "CHN"]
[SourceTitle "CBM 184 Extra"]
[Source "ChessBase"]
[SourceDate "2018.06.28"]
[SourceVersion "1"]
[SourceVersionDate "2018.06.28"]
[SourceQuality "1"]

1. e4 c5 2. Nf3 d6 3. d4 cxd4 4. Nxd4 Nf6 5. Nc3 a6 6. h3 e5 7. Nde2 h5 8. Bg5 g6 9. Nd5 Bg7 10. Nec3 Nbd7 11. Bc4 b6 12. Qf3 Bb7 13. Bb3 Rc8 14. a4 Rc5 15. g3 Kf8 16. 0-0 Kg8 17. Rfd1 Kh7 18. Rd2 Bxd5 19. Nxd5 a5 20. Rad1 Rc6 21. Ba2 Rf8 22. Kg2 Rh8 23. c3 Rf8 24. b4 axb4 25. cxb4 Kg8 26. b5 1-0

[Event "CHN Team"]
[Site "Beijing"]
[Date "2017.06.08"]
[Round "3.6"]
[White "Zhou, Yibo"]
[Black "Wan, Yunguo"]
[Result "1/2-1/2"]
[WhiteElo "1978"]
[BlackElo "2482"]
[PlyCount "86"]
[EventDate "2017.06.06"]
[EventType "team-swiss"]
[EventRounds "9"]
[EventCountry "CHN"]
[SourceTitle "CBM 178 Extra"]
[Source "ChessBase"]
[SourceDate "2017.06.22"]
[SourceVersion "1"]
[SourceVersionDate "2017.06.22"]
[SourceQuality "1"]
[WhiteTeam "Shanxi Huxiaoling"]
[BlackTeam "Hebei"]
[WhiteTeamCountry "CHN"]
[BlackTeamCountry "CHN"]

1. d4 Nf6 2. c4 g6 3. Nf3 Bg7 4. g3 0-0 5. Bg2 d6 6. 0-0 c6 7. Nc3 Qa5 8. Qc2 e5 9. dxe5 dxe5 10. e4 Bg4 11. Be3 Bxf3 12. Bxf3 Nbd7 13. a3 Rfd8 14. Rfd1 Qc7 15. Bg2 Ng4 16. Bg5 Bf6 17. Bc1 Be7 18. Bh3 h5 19. Qe2 Ngf6 20. Bg5 Nc5 21. Qc2 Ng4 22. Bxg4 Bxg5 23. Bh3 a5 24. Na4 Nxa4 25. Qxa4 Qb6 26. b4 axb4 27. Qxb4 Be3 28. Qxb6 Bxb6 29. Rxd8+ Rxd8 30. Rb1 Bc5 31. Rxb7 Rd2 32. Bd7 Rxf2 33. Kh1 g5 34. h3 Rf3 35. Kg2 Rxa3 36. Bxc6 Ra2+ 37. Kh1 Rf2 38. Bd5 h4 39. gxh4 gxh4 40. Rc7 Be3 41. c5 Rf1+ 42. Kg2 Rf2+ 43. Kh1 Rf1+ 1/2-1/2